Implicancias territoriales de la ley 26893 en la venta de acciones y cuotas sociales (Registro nro. 19774)
[ vista simple ]
| 000 -LEADER | |
|---|---|
| fixed length control field | 00365 a2200109 4500 |
| 001 - CONTROL NUMBER | |
| control field | ART_39074 |
| 005 - DATE AND TIME OF LATEST TRANSACTION | |
| control field | 20260410161752.0 |
| 008 - FIXED-LENGTH DATA ELEMENTS--GENERAL INFORMATION | |
| fixed length control field | 260409a |
| 100 1# - MAIN ENTRY--PERSONAL NAME | |
| Personal name | García, Fernando D. |
| 245 10 - TITLE STATEMENT | |
| Title | Implicancias territoriales de la ley 26893 en la venta de acciones y cuotas sociales |
| 773 0# - HOST ITEM ENTRY | |
| Title | Doctrina tributaria |
| Related parts | - Nº 405 (dic. 2013) |
| Record control number | REV4296 |
No hay ítems disponibles.